Inhibition of P-glycoprotein mediated efflux and modulation of MDR-1 gene expression in tumor cells by newly synthesised azaheterocyclic derivatives

Elmentve itt :
Bibliográfiai részletek
Szerző: Hevér Anikó
További közreműködők: Molnár József (Témavezető)
Dokumentumtípus: Disszertáció
Megjelent: 1998
Kulcsszavak:Mikrobiológia
Tárgyszavak:
Online Access:http://doktori.ek.szte.hu/7108
LEADER 00797nta a2200205 i 4500
001 dokt7108
005 20220318082016.0
008 220318s1998 hu om 0|| eng d
040 |a SZTE Doktori Repozitórium  |b hun 
041 |a eng 
100 1 |a Hevér Anikó 
245 1 0 |a Inhibition of P-glycoprotein mediated efflux and modulation of MDR-1 gene expression in tumor cells by newly synthesised azaheterocyclic derivatives  |h [elektronikus dokumentum] /  |c  Hevér Anikó 
260 |c 1998 
502 |a Disszertacio 
650 4 |a elméleti orvostudományok 
650 4 |a Orvos- és egészségtudomány 
650 4 |a Általános orvostudomány 
695 |a Mikrobiológia 
700 1 |a Molnár József  |e ths 
856 4 0 |u https://doktori.bibl.u-szeged.hu/id/eprint/7108/1/1998_hever_aniko.pdf  |z Dokumentum-elérés